Statistiques concernant Pays ayant une population de 100 millions

Cliquez ici pour prendre le quiz!

Statistiques générales

  • Ce quiz a été pris 7,416 fois
    (3,149 depuis la dernière actualisation)
  • Le résultat moyen est 12 sur 14

Statistiques - réponses

date millions pays % Correct
14201 426Chine
100%
14501 361Inde
99%
1915328Etats-Unis
99%
1930144Russie
96%
1972212Brésil
95%
1967127Japon
90%
1965268Indonésie
88%
1999132Mexique
87%
1988203Pakistan
77%
1992199Nigeria
74%
2019100Égypte
70%
1988167Bangladesh
68%
2014107Philippines
62%
2016109Éthiopie
50%

Distribution des résultats

Percentile by Number Answered

% des personnes avec chaque résultat

Votre développement - résultats

Vous n’avez pas pris ce quiz depuis la dernière actualisation